Music Quiz

Random Music Quiz

Favorite singers Quiz Stats

 Plays Quiz not verified by Sporcle

Support Sporcle.
Go Orange.
Score 0/21 Timer 05:00
0 Plays Today
% Correct
Ariana Grande
100%
Taylor Swift
95%
Selena Gomez
90%
Katy Perry
90%
Beyonce
90%
Lady Gaga
85%
Bruno Mars
80%
Miley Cyrus
80%
Rihanna
80%
Justin Timberlake
80%
Zayn
75%
% Correct
Chris Martin
75%
Harry styles
75%
The Weeknd
70%
Demi Lovato
60%
Niall
50%
Shawn Mendes
50%
Nick Jonas
45%
Charlie Puth
40%
Hailee Steinfeld
37.5%
Alessia Cara
20%

You're not logged in!

Compare scores with friends on all Sporcle quizzes.
OR
Log In

From the Vault

Largest State Containing Each Letter

by caramba

Apparently, the letter Q isn't welcome in any states, and that makes us a little sad.
Remove Ads.
Support Sporcle.
Get the best of Sporcle when you Go Orange. This ad-free experience offers more features, more stats, and more fun while also helping to support Sporcle. Thank you for becoming a member.

Show Comments

Extras

Created Feb 12, 2018ReportNominate
Tags:Favorite

Top Quizzes Today


Score Distribution

Your Account Isn't Verified!

In order to create a playlist on Sporcle, you need to verify the email address you used during registration. Go to your Sporcle Settings to finish the process.

Report this User

Report this user for behavior that violates our Community Guidelines.

Details: